Stredné hodnoty finančných ukazovateľov ekonomických činností v Slovenskej republike za rok 2015
Uložené v:
| Médium: | Kniha |
|---|---|
| Jazyk: | Slovak |
| Vydavateľské údaje: |
Bratislava
CRIF - Slovak Credit Bureau
2016
|
| Predmet: | |
| Tagy: |
Žiadne tagy, Buďte prvý, kto otaguje tento záznam!
|
MARC
| LEADER | 00000nam a2200000 4500 | ||
|---|---|---|---|
| 001 | 0262001 | ||
| 005 | 20240318125929.8 | ||
| 020 | |a 978-80-971109-4-9 | ||
| 041 | 0 | |a slo | |
| 044 | |a SK | ||
| 245 | 1 | 0 | |a Stredné hodnoty finančných ukazovateľov ekonomických činností v Slovenskej republike za rok 2015 |
| 264 | 1 | |a Bratislava |b CRIF - Slovak Credit Bureau |c 2016 | |
| 300 | |a 395 s. | ||
| 610 | 2 | 0 | |a ukazovatele finančné |
| 610 | 2 | 0 | |a činnosť hospodárska |
| 610 | 2 | 0 | |a analýza finančná |
| 610 | 2 | 0 | |a odvetvia činnosti ekonomickej |
| 610 | 2 | 0 | |a subjekt |
| 610 | 2 | 0 | |a klasifikácia |
| 610 | 2 | 0 | |a Slovensko |